| 000 | 00573ntaaa2200181 4500 | ||
|---|---|---|---|
| 003 | 01 | ||
| 005 | 20251027201202.0 | ||
| 008 | 0714s1973 ag 01 | ||
| 040 |
_aAR-BaBN _bspa _cAR-BaBN _eaacr _dRIC |
||
| 082 | _a220.5 | ||
| 100 |
_aBiblia. Castellana. Selecciones. 1938 _99739 |
||
| 245 |
_aPorciones escogidas de la Palabra de Dios / _cBiblia. Castellana. Selecciones. 1938 |
||
| 250 | _a1 ed. | ||
| 260 |
_aBuenos Aires : _bCasa Bíblica Latino Americana, _c1938 |
||
| 300 |
_a117 p. ; _cil. ; 18 cm |
||
| 650 |
_aBiblia. Español. Selecciones. 1938 _99740 |
||
| 942 | _cBK | ||
| 999 |
_c6146 _d6146 |
||